| 000 | 01143nmc a2200397 a 4500 | ||
|---|---|---|---|
| 003 | AR-BaBNM | ||
| 005 | 20251128204723.0 | ||
| 008 | 236019s1993 ||||||||||||||000 | spa|| | ||
| 020 | _a84-331-0615-5 | ||
| 040 | _cAR-BaBNM | ||
| 100 | 1 | _aCano, Joaquín S. | |
| 245 | 1 | 0 |
_aLa nueva formación profesional _bramas, módulos y ciclos formativos |
| 260 |
_aMadrid _bEscuela Española _c1993 |
||
| 300 | 0 |
_a435 p. _bcuadros, gráfs. |
|
| 490 | 0 | _aFormación profesional y empresa | |
| 504 | _aContiene bibliografía en notas al pie de página | ||
| 650 | 4 | _aFORMACION PROFESIONAL | |
| 650 | 4 | _aCIENCIA | |
| 650 | 4 | _aSIGLO DIECIOCHO | |
| 650 | 4 | _aTECNOLOGIA | |
| 650 | 4 | _aTITULOS | |
| 650 | 4 | _aPROGRAMAS DE FORMACION | |
| 650 | 4 | _aPROFESIONES | |
| 650 | 4 | _aENSENANZA UNIVERSITARIA | |
| 650 | 4 | _aEVALUACION | |
| 650 | 4 | _aFORMACION POR MODULOS | |
| 651 | 4 | _aEuropa | |
| 653 | 0 | _aEDUCACION SECUNDARIA | |
| 653 | 0 | _aEDUCACION SUPERIOR | |
| 653 | 0 | _aEDUCACION A DISTANCIA | |
| 700 | 1 | _aLópez, Juan | |
| 700 | 1 | _aOrtega, Manuel | |
| 700 | 1 |
_aMarchesi Ullastres, Alvaro _eprologuista |
|
| 942 | _cBK | ||
| 998 | _cenrique | ||
| 999 |
_c8561 _d8561 |
||